000 01162nam a2200265 i 4500
001 29959
003 ES-MaACL
005 20230906154121.0
007 t|
008 030123s1969 sp |||| |cspa d
080 _a929:86"19"
100 1 _aBaroja, Ricardo,
_d1871-1953
_925759
245 1 0 _aGente de la generación del 98 /
_cRicardo Baroja.
246 3 _aGente del 98
250 _a1ª ed. en "Libros de bolsillo Z".
260 _aBarcelona :
_bJuventud,
_c1969.
300 _a229 p. ;
_c18 cm.
490 1 _aLibros de bolsillo Z ;
_v167
505 0 _aAutorretrato de Ricardo Baroja ; Enrique Cornuty ; El "asesinato" de Ramiro de Maeztu y Pablo Ruiz Picasso ; José Martínez Ruiz ("Azorín") ; Cuento de hadas: cómo se casó Anita Delgado con el maharajá de Kapurtala ; Don Ciro Bayo y Segurola ; Cuadrato y Falstaff ; Silverio Lanza ; Otros relatos ; José Sttatford Gibson ; Carlos Mani, el escultor
650 4 _aGeneración del 98 (Literatura)
_913051
650 4 _aEscritores españoles-
_yS.XX-
_xBiografías.
_9161527
830 1 _aLibros de bolsillo Z ;
_v167
_9184080
852 _aES-MaACL
_jC-35877
999 _c29959
_d29959